| 000 | 01281nam a2200265 a 4500 | ||
|---|---|---|---|
| 001 | BRCA_154 | ||
| 005 | 20190320202913.0 | ||
| 008 | 910607r19891840mx-#---##b---#001-0dspa-# | ||
| 040 |
_aDLC _cDLC _dDLC |
||
| 050 | 4 |
_aF1226 _b.B53 1989 |
|
| 100 | 1 |
_aSahagún, Fray Bernardino de _d1590 _9588 |
|
| 245 | 1 | 0 |
_aRelación de la conquista de esta Nueva España, como la contaron los soldados indios que se hallaron presentes _bpublicada, con una disertación sobre la aparición Guadalupana, y con notas sobre la conquista de México, Carlos María de Bustamante _cFray Bernardino de Sahagún ; presentación Francisco de Antuñano Maurer. |
| 260 |
_aMéxico _bBiblioteca Mexicana de la Fundación Miguel Alemán _c1989 |
||
| 300 |
_axiii, 247, xxii, 20 p. _c22 cm. |
||
| 500 | _aFacsímil de: México, 1840 | ||
| 500 | _aIncluye índice onomástico | ||
| 600 | 1 | 4 |
_aMoctezuma _cEmperador de México _dca. 1480-1520 _9589 |
| 600 | 1 | 4 |
_aCortés, Hernán _d1485-1547 _9439 |
| 650 | 1 | 4 |
_aIndígenas de México _xHistoria - Cronistas _9590 |
| 650 | 1 | 4 |
_aIndios de México _xPrimer contacto con europeos _9591 |
| 651 | 4 |
_aMéxico _xHistoria _yConquista, 1519-1540. _9442 |
|
| 700 | 1 |
_aBustamante, Carlos María de _d1774-1848 _9555 |
|
| 700 | 1 |
_aAntuñano Maurer, Francisco de _9592 |
|
| 942 |
_2lcc _cB |
||
| 999 |
_c133 _d133 |
||